[Event "Turnier 40 / 120"]
[Site "Wien"]
[Date "2023.??.??"]
[Round "4"]
[White "ChessGenius Exclusive 300 MHz"]
[Black "Tasc R40 V2.50 Phoenix"]
[Result "0-1"]
[WhiteElo "2405"]
[BlackElo "2401"]
[Annotator "Christian"]
[PlyCount "80"]
[EventDate "2023.??.??"]

{[%evp 0,80,30,-17,-34,-55,-28,-74,-91,-81,-88,-67,-67,-67,-64,-64,-66,-66,-59,-60,-60,-65,-34,-23,-36,-52,-33,-48,-53,-107,-69,-57,-40,-40,18,25,14,-24,-28,-39,-39,-46,-41,-46,4,-59,-50,-80,-64,-64,-55,-60,-50,-46,-61,-51,-58,-61,-62,-66,-38,-86,-54,-86,-115,-157,-42,-175,-165,-143,-177,-180,-202,-162,-190,-188,-205,-197,-185,-242,-256,-300,-305]} {Runde 4: Benkö Eröffnung / Ich habe ja ein 100 Runden Match MCGE : Tasc R30 V 2.5, der ja natürlich die selbe Bibiothek hat wie der R40 und da wird es wahrscheinlich fast schon alle Eröffnungen im vorigen Match gegen den R30 gegeben haben und so auch diese. Irgendwie hat der MCGE in diesem Wettkampf echtes Pech mit der Eröffnungswahl, obwohl er sich ja deutlich gegen den R30 durchgesetzt hat mit 63 : 37, erwischt er bisher nur Eröffnungen, die er auch gegen den R30 schon verloren hat, eine sogar, wo die Partie praktisch nach 4 Zügen schon verloren war und die Partie verlief genau gleich wie jene gegen den R30. Und das selbe ist es in dieser Runde, der R40 spielt exakt gleich bis inklusive zum 31. Zug wie der R30 und so kommt es wiederholt zu dem gleichen spielentscheidenden Fehler, den MCGE auch damals machte, mit 31. Df6 ?? ist die Partie sofort verloren, dann macht MCGE zwar überraschend noch einen anderen Zug als gegen R30 mit 33. Df2 ??? ersetzt er aber nur einen Megabock durch den anderen gegen R30 hatte er 33. e3 ??? gespielt, was ein Megabock der gleichen Kategorie ist, beides verliert sofort, nur 33. e4 !! hätte noch Widerstand geleistet, R40 hatte das richtig erkannt und der beurteilt auch die Stellung völlig realistisch im Gegensatz zu MCGE ---- EIN DEBAKEL !!! Stand: 2,5 : 1,5 für Tasc R40 V 2.5 Aktiv} 1. g3 e5 2. Bg2 d5 3. Nf3 e4 4. Nd4 c5 5. Nb3 c4 6. Nd4 Bc5 {Buchende} 7. c3 {Buchende / und wieder eine Eröffnung, die auch gegen Tasc R30 V 2.5 gespielt wurde, irgendwie hat der Genius echt Pech mit seiner Eröffnungswahl, obwohl er sich ja gegen Tasc R30 deutlich mit 63 : 37 durchgesetzt hat, erwischt er lauter Eröffnungen, die er klar verloren hat, so auch diese} Nf6 {Buchbewertung Tasc R40 V 2.5: +0,39} 8. b3 {Buchbewertung MCGE: -0,28 / lt. Komodo steht Schwarz etwas besser mit ca. +0,50} Nc6 9. Nxc6 bxc6 10. bxc4 Qb6 11. O-O dxc4 12. Ba3 O-O 13. Bxc5 Qxc5 14. Qc2 {ein schwacher Zug, deutlich besser ist d4, Komodo -1,00} Rb8 15. Bxe4 Nxe4 16. Qxe4 Bf5 17. Qd4 Qe7 18. Qf4 $2 {unverständlich warum nicht Dxc4 ??} Be6 19. Rc1 Rfd8 20. Re1 Rb2 21. Qe4 c5 22. Qe5 {klar vorzuziehen ist Sa3} ({Leptir 130223-avx2:} 22. Na3 f5 23. Qe3 Qd7 24. d3 cxd3 25. exd3 Rxa2 26. Rxa2 Bxa2 27. Nc4 Bxc4 28. dxc4 Qd6 29. Qg5 f4 30. Re7 Qd1+ 31. Kg2 f3+ 32. Kh3 Qf1+ 33. Kg4 Qxc4+ 34. Kxf3 Qxc3+ 35. Kg2 Rf8 36. Qd5+ Kh8 37. Rf7 Rg8 38. Rxa7 Qd4 39. Qxd4 cxd4 40. Kf3 Re8 41. Rd7 h6 42. Kg4 d3 43. f4 Re2 44. Rxd3 g6 45. f5 gxf5+ 46. Kxf5 {[%eval 7,32]}) 22... f6 23. Qh5 {besser ist De4} Bf7 24. Qg4 h5 25. Qf5 g6 26. Qf4 g5 27. Qe3 {Genius +0,43} Qd6 28. f4 Re8 29. Qf2 {Genius +0,09, Stockfish +2,00 für Schwarz} Qd5 {Tasc +1,16} 30. fxg5 fxg5 31. Qf6 $4 {ein Verlustzug, danach ist die Partie klar verloren, Komodo -2,50, ja was soll man sagen irgendwie hat MCGE Eröffnungspech in diesem und zusätzlich hat er noch das Pech dass Tasc R40 wie in der Vorrunde genau identisch spielt wie Tasc R30 und somit kommt es zu einer Wiederholung der Partie mit wieder dem gleichen spielentscheidenden Fehler.} Rb6 {besser ist h4, aber auch dieser Zug reicht zum Gewinn, Komodo +1,80} 32. Qf1 $2 {MCGE hat keine Ahnung von dieser Stellung und sieht die drohende Gefahr nicht, Bewertung nur -0,12, ein schwacher Zug, mehr Widerstand leistet noch Df2, Komodo -3,00 mit der Fortsetzung h4} Bg6 $4 {ein ganz schlechter Zug, der den Grossteil des Vorteiles verspielt, Komodo nur noch +1,00} 33. Qf2 $2 {hier sorgt MCGE für eine echte Überraschung, denn er macht hier die 1. Abweichung, allerdings ist es keine Überraschung im positiven Sinn, der Textzug ist ein absoluter Verlustzug, der die Partie sofort verliert, Komodo -5,50, aber es ist egal, denn auch gegen Tasc R30 spielte er den absoluten Verlustzug e3, der ebenfalls sofort verlor, nur noch e4 hätte Widerstand geleistet (Tasc R40 hatte den richtigen Zug vorgeschlagen), MCGE hat keine Ahnung von dieser Stellung und sieht sich mit nur -0,12 im Nachteil, Tasc R40 bewertet nach diesem Megabock die Stellung in der allerersten Sekunde bereits mit +2,27} Rf8 $1 {na sonnenklar und auch das überrascht MCGE er hatte mit der ganz schwachen Fortsetzung Tb2 gerechnet, also hier ist er wahrlich mit Blindheit geschlagen, Komodo -6,00} 34. e4 {zu spät hilft nichts mehr, Komodo -6,00} Bxe4 35. Qe2 Bd3 36. Qg2 Qxg2+ 37. Kxg2 Rb2 $4 {Obwohl das ein Megabock ist, der den Vorteil von Schwarz halbiert, gewinnt auch das noch spielend, Komodo +3,50, deutlich stärker ist Tbf6 mit +6,50} 38. Kg1 Rfb8 39. Na3 Rxd2 40. Rad1 Rxa2 {Rest geschenkt} 0-1

[Event "Turnier 40 / 120"]
[Site "Wien"]
[Date "2023.??.??"]
[Round "5"]
[White "Tasc R40 V2.50 Phoenix"]
[Black "ChessGenius Exclusive 300 MHz"]
[Result "0-1"]
[WhiteElo "2401"]
[BlackElo "2405"]
[Annotator "Christian"]
[PlyCount "138"]
[EventDate "2023.??.??"]

{[%evp 0,138,30,29,44,40,38,17,59,79,63,39,48,43,32,27,87,75,71,0,-5,-8,-8,18,-6,9,2,-19,-19,-25,-25,-36,-28,-56,-53,-33,-49,-39,-37,-44,-45,-50,-58,-61,-69,-53,-5,-2,-31,-38,-10,-21,-16,-81,-68,-82,-95,-98,-110,-124,-105,-105,-109,-106,-115,-109,-106,-155,-51,-53,-47,-125,-181,-174,-184,-182,-183,-191,-188,-203,-204,-201,-201,-207,-224,-205,-205,-197,-208,-201,-207,-214,-203,-227,-218,-244,-232,-232,-254,-248,-248,-247,-248,-248,-237,-260,-267,-317,-283,-444,-351,-455,-499,-506,-523,-533,-434,-537,-606,-857,-859,-857,-1085,-1278,-1439,-1869,-962,-29987,-29990,-29991,-29992,-29993,-29992,-29993,-29994,-29995,-29996,-29997,-29998,-29999,-30000]} 1. e4 c5 {Runde 5: Sizilianisch / Sizilianisch ist zweifellos eine bevorzugte Variante von MCGE, davon gab es im Match gegen den R30 V 2.5 immerhin 9 verschiedene Varianten, diese war jedoch nicht dabei, erstmals eine Eröffnung die es im vorigen Match nicht gab. MCGE kann relativ früh einen Bauern erobern und konserviert dann auch diesen Vorteil, obwohl er sich im Mittelspiel auch manche Ungenauigkeit leistet ist er hier jedoch der klar Stärkere, mit dem Verlustzug 35. fxg6 ?? bringt sich der Tasc R40 V 2.5 dann um alle Chancen und MCGE gleicht das Match wieder aus. Stand: 2,5 : 2,5} 2. d4 cxd4 3. c3 d3 4. Bxd3 Nc6 5. c4 {Buchende} g6 6. Nf3 {Buchbewertung Tasc R40 V 2.5: +0,56} Bg7 {Buchende} 7. Nc3 Bxc3+ {Buchbewertung MCGE: +0,03 lt. Komodo steht Weiss eine Nuance besser mit ca. +0,20 / Komodo findet diesen Zug gut, da kann man aber geteilter Meinung sein, ob es gut ist gleich den starken Fiancetto-Läufer herzugeben, ich persönlich bin kein Fan davon, trotzt des Doppelbauern, aber gut man muss sagen, lt. Stockfish 15 die beste Fortsetzung !} 8. bxc3 Nf6 9. e5 Ng4 10. Bf4 Qa5 11. O-O Ngxe5 12. Nxe5 Nxe5 13. Bxe5 $2 {sich vom Läuferpaar zu trennen ist weniger gut, besser ist Le4, Komodo +0,60 für Schwarz} Qxe5 14. Qd2 O-O 15. Rfe1 Qc5 16. Rab1 b6 17. Rb5 {der Tasc neigt dazu Bauern geringschätzig zu bewerten, in dieser Stellung sieht er sich trotz Minus- und Doppelbauern noch mit +0,52 im Vorteil, lt. Komodo hat Schwarz an dieser Stelle schon einen "gesunden" Mehrbauern" mit +1,00} Qd6 {MCGE: +1,03} 18. Rd5 Qf6 19. Qe3 Re8 {weniger gut, besser ist e6 oder Dxc3} 20. Be4 Rb8 21. Rd2 Qe6 {besser ist Tf8} 22. Rd4 Kg7 {klar vorzuziehen ist Td8, nach dem Textzug ist nahezu der gesamte Vorteil von Schwarz dahin, Komodo nur noch +0,30} 23. Qd2 Qf6 24. Rd3 {besser ist Te3, Komodo -0,50} e5 25. Rd6 $2 {ein schwacher Zug, der Schwarz wieder in Vorteil bringt, Komodo +1,00 mit mit der Fortsetzung Te6, deutlich besser ist g3} ({Leptir 130223-avx2:} 25. g3 d6 26. Rxd6 Be6 27. Bd5 Rbd8 28. Rc6 Rc8 29. Rd6 Red8 30. Bxe6 Rxd6 31. Qxd6 Qxe6 32. Qxe6 fxe6 33. Rxe5 Kf6 34. Re4 Rc5 35. Kg2 Ra5 36. Rf4+ Ke7 37. Rh4 h5 38. g4 Kd6 39. gxh5 gxh5 40. a4 Kc6 41. Kf3 Rxa4 42. Ke3 a5 43. Kd3 Ra2 {[%eval -21,31]}) 25... Re6 $1 26. Rd5 $2 {ein schlechter Zug, der Schwarz nun bereits klar in Vorteil bringt, Komodo +1,80 mit der Fortsetzung d6, deutlich besser ist Td3} Qe7 {wegen einer lächerlichen Bewertungsdifferenz von gerade mal +0,06 verwirft MCGE im allerletzten Moment nach über 10 Minuten Bedenkzeit den besseren Zug d6, aber auch nach dem Textzug steht Schwarz noch deutlich besser, Komodo +1,50} 27. Rd3 d6 28. Rh3 h5 29. Rf3 Ba6 30. Bd5 Rf6 31. Rxf6 Qxf6 32. f4 Qe7 33. Qe2 f6 $4 {ein ganz schlechter Zug, hier hat MCGE auch Pech, denn er verwirft nach langer Bedenkzeit wieder im allerletzten Moment den weit besseren Zug 33. Te8 wegen einer lächerlichen Bewertungsdifferenz von +0,03, danach wäre Schwarz bereits entscheidend mit +2,00 im Vorteil gewesen, nach dem Textzug hat sich der Vorteil praktisch halbiert, Komodo "nur" noch +1,00 mit der Fortsetzung f5} 34. f5 $1 {na klar} Qc7 35. fxg6 $2 {ein Verlustzug, danach ist die Partie schlicht und ergreifend verloren, Komodo -2,50, nötig war Td1 und Weiss hat durchaus noch gute Remischancen, MCGE hatte den richtigen Zug Td1 vorgeschlagen} Qc5+ 36. Kf1 {besser ist noch Df2, Komodo -3,00} Rc8 {einfacher ist natürlich Dxd5 aber natürlich reicht auch das, Komodo +2,70} 37. Rd1 Bxc4 38. Bxc4 Qxc4 39. Qxc4 Rxc4 40. Rxd6 Kxg6 41. Rd3 Kf5 42. Ke2 b5 43. Rh3 h4 44. Rf3+ Kg5 45. Rd3 Rg4 46. Kf2 a6 47. Rd6 {die Stellung ist klar verloren für Weiss, Komodo -4,00} Ra4 48. Rd2 f5 49. Ke2 Kg4 50. Kf2 Rc4 51. Rd6 Rxc3 52. Rxa6 Rc2+ 53. Kf1 b4 54. Ra4 e4 55. Rxb4 h3 56. gxh3+ Kf3 57. Rb1 e3 58. a4 {[%emt 0:00:16] Komodo Matt in} Rf2+ 59. Kg1 {[%emt 0:00:10] Matt in} Rg2+ 60. Kh1 e2 61. h4 Rg8 62. h3 f4 {[%emt 0:00:07] MCGE: Mattankündigung in} 63. Re1 {[%emt 0:00:07] Tasc R40 V 2.5: Selbstmatt in} Kf2 64. Ra1 f3 65. a5 e1=Q+ 66. Rxe1 Kxe1 67. a6 f2 68. Kh2 f1=Q 69. a7 Rg2# 0-1

[Event "Turnier 40 / 120"]
[Site "Wien"]
[Date "2023.??.??"]
[Round "6"]
[White "ChessGenius Exclusive 300 MHz"]
[Black "Tasc R40 V2.50 Phoenix"]
[Result "1-0"]
[WhiteElo "2405"]
[BlackElo "2401"]
[Annotator "Christian"]
[PlyCount "77"]
[EventDate "2023.??.??"]

{[%evp 0,57,19,31,14,-7,16,13,13,-8,-13,-9,-13,-27,-19,-20,7,8,11,17,33,42,36,41,86,100,104,118,100,119,121,117,121,132,136,96,120,130,135,41,46,48,53,51,44,41,58,39,52,53,52,60,58,78,78,89,79,96,133,120]} 1. d4 Nf6 {Runde 6: Indisch / Diese Eröffnung gab es nicht im Match gegen R30 V 2.5 und der Tasc R40 fliegt schon wieder nach 2 Zügen aus dem Buch. In dieser Partie ist MCGE seinem Gegner klar überlegen und spielt hier auch nach einem spielentscheidenden Fehler seines Gegners den ganz starken Zug 36. Txd5 !!, der die Partie sofort zu seinen Gunsten entscheidet. Es gibt wieder einen Führungswechsel, MCGE ist wieder vorne. Stand: 3,5 : 2,5 für MCGE 300 MHZ (58,33 %)} 2. g3 e6 {Buchende} 3. Bg2 d5 {Buchbewertung Tasc R40 V 2.5: -0,04} 4. Nf3 c5 5. O-O Nc6 6. b3 cxd4 7. Nxd4 {Buchende} e5 8. Nxc6 {Buchbewertung MCGE: +0,03 / lt. Komodo steht Weiss etwas besser mit ca. +0,40} bxc6 9. Bb2 Qc7 10. c4 Be6 $2 {ein schwacher Zug, danach ist Weiss im Vorteil, Komodo +0,90 mit der Fortsetzung cxd5, deutlich besser ist d4 mit Ausgleich} 11. cxd5 Bxd5 $2 {eindeutig die falsche Schlagoption, danach steht Weiss bereits klar besser, Komodo +1,40, deutlich besser ist cxd5} ({Leptir 130223-avx2:} 11... cxd5 12. Nc3 Qd7 13. Qd3 e4 14. Qb5 Bd6 15. Rfd1 Rb8 16. Qxd7+ Kxd7 17. f3 exf3 18. Bxf3 Rhe8 19. Rd2 Rbc8 20. e4 Bb4 21. Rd3 Ke7 22. exd5 Bf5 23. Re3+ Kf8 24. Rxe8+ Rxe8 25. Nb5 Re3 26. Nd4 Bc5 27. Nxf5 Rxf3+ 28. Bd4 Bxd4+ 29. Nxd4 Rd3 30. Nc6 {[%eval 59,30]}) 12. Qc2 Bxg2 13. Kxg2 Bd6 14. Nd2 O-O 15. Nc4 Rfe8 16. Rfd1 Rad8 17. Rac1 Nd5 18. Nxd6 Rxd6 19. Qc5 $4 {ein ganz schlechter Zug, der jeglichen Vorteil verspielt, danach ist die Stellung wieder im Lot, Komodo 0,00, nötig war La3 mit klarem Vorteil für Weiss mit ca. +1,20} Qd7 20. Kg1 e4 21. Qd4 Rg6 22. e3 Qb7 $2 {nicht ideal deutlich besser ist h5, Komodo -0,60} 23. Qa4 Rd6 24. Rd4 f5 25. Qa5 a6 26. Ra4 Ra8 27. Qc5 Rad8 $2 {ein schwacher Zug, der den Vorteil von Weiss erheblich erhöht, Komodo -1,50, deutlich besser ist Tg6} 28. Bd4 Re6 $2 {klar vorzuziehen ist h5, Komodo -1,70 mit der Fortsetzung Dc4} 29. Qc4 $1 Ra8 30. Ra5 Rd6 31. Kg2 Kf7 32. Rc5 Rc8 33. Kh1 g6 34. Bb2 h5 35. Qd4 {Komodo +2,00} Rb8 $2 {ein absoluter Verlustzug, der die Partie sofort verliert, Komodo -10,00 !!! mit der Fortsetzung Txd5} 36. Rxd5 $3 {diese Chance lässt sich MCGE nicht entgehen} cxd5 37. Rc7+ Qxc7 38. Qg7+ Ke8 39. Qxc7 {Rest geschenkt} 1-0

[Event "Turnier 40 / 120"]
[Site "Wien"]
[Date "2023.??.??"]
[Round "7"]
[White "Tasc R40 V2.50 Phoenix"]
[Black "ChessGenius Exclusive 300 MHz"]
[Result "0-1"]
[WhiteElo "2401"]
[BlackElo "2405"]
[Annotator "Christian"]
[PlyCount "122"]
[EventDate "2023.??.??"]

{[%evp 0,122,20,20,23,23,40,40,46,25,19,35,35,60,64,33,55,41,19,23,31,33,42,20,23,17,17,-20,-18,-17,-31,-21,-28,-23,-30,-30,-14,-25,-32,-40,-15,-68,-59,-81,-75,-80,-84,-87,-81,-93,-68,-73,-69,-61,-76,-78,-80,-87,-94,-100,-106,-92,-103,-108,-103,-101,-101,-127,-94,-128,-106,-120,-100,-86,-99,-125,-115,-113,-113,-126,-126,-144,-120,-122,-140,-162,-162,-191,-130,-160,-155,-184,-154,-158,-167,-185,-201,-199,-194,-209,-198,-195,-213,-222,-212,-231,-231,-231,-223,-270,-265,-376,-397,-410,-434,-476,-480,-489,-511,-511,-512,-512,-516,-506,-521]} 1. Nf3 e6 {Runde 7: Sizilianisch / Hier kommt jetzt die an der richtigen Stelle eingefügte Ersatzpartie, Runde 7 wurde nach einem Hinweis von Markus ersetzt, da der Tasc R40 mit falscher Bucheinstellung "Aegon" spielte und das Turnier daher nicht korrekt war. In dieser Variante kann MCGE einen Bauern gewinnen Bauern gewinnen und baut trotz so mancher Ungenauigkeit den Vorteil aus, da auch sein Gegner sich einige Ungenauigkeiten leistet, in Summe ist MCGE in dieser Partie der klar Stärkere und setzt sich letztlich verdient durch. Der Nachtrag aus Runde 7 endet schliesslich wieder mit einem Sieg des MCGE, das Staffelergebnis bleibt daher unverändert. Stand: 4,5 : 2,5 für MCGE 300 MHZ} 2. d4 {Buchende} c5 3. e4 cxd4 4. Nxd4 {Tasc wieder im Buch} Nf6 5. Nc3 Nc6 6. a3 {Buchende} d6 {Buchende} 7. Nxc6 {Buchbewertung Tasc R40 V 2.5: +0,54} bxc6 {Buchbewertung MCGE: +0,04 / lt. Komodo ist die Stellung im Lot, diese Eröffnung wurd auch im Match gegen Tasc R30 V 2.5 gespielt, damals konnte MCGE gewinnen.} 8. Be3 d5 9. Be2 Be7 10. O-O Nxe4 11. Nxe4 dxe4 12. Qxd8+ Bxd8 13. f3 {weniger gut, Weiss sollte Schwarz hier nicht von dem Doppelbauern befreiten, besser ist entweder Lc4 oder Tad1} exf3 14. Bxf3 Bb7 15. c4 Bb6 16. c5 Bc7 17. Rad1 a5 18. Bh5 g6 19. Bf3 f6 20. g3 {hier weicht die Partie nun ab von jener gegen Tasc R30 V 2.5, der zog damals 20. Lg4} Ke7 21. Bd4 $2 {weniger gut, besser ist b4, Komodo -0,80} e5 22. Be3 Rhd8 23. Rc1 Rd3 24. Bh6 Rb8 25. Rf2 Ba8 26. Rcf1 ({Leptir 130223-avx2:} 26. g4 Rd4 27. Be3 Rd7 28. Rcf1 Bd8 29. Be2 Rxb2 30. Rxf6 Rxe2 31. Bg5 h6 32. Rf7+ Ke6 33. Rxd7 Bxg5 34. Rd6+ Ke7 35. Rxg6 Be3+ 36. Kh1 Rb2 37. Rg7+ Ke6 38. Rf8 Kd5 39. Rxa8 Bf4 40. Rd8+ Ke4 41. Kg1 Rxh2 42. Rg6 Rc2 43. Rxc6 Kf3 44. Rd3+ Be3+ 45. Rxe3+ Kxe3 46. Rxh6 Rxc5 47. Kh2 Ke2 {[%eval -46,30]}) 26... f5 27. Bg5+ Kf7 28. Rc1 $2 {ein schwacher Zug, Komodo -1,30, deutlich besser ist Te1} Kg7 {besser ist Ld8, Komodo +1,00} 29. Be2 Rd4 30. Bc4 a4 31. Be3 Re4 {besser ist Td7, Komodo +0,70} 32. Bd2 Rd8 33. Bg5 $2 {ein schwacher Zug, klar vorzuziehen ist Lf1, Komodo -1,20} Rd7 $4 {ein ganz schlechter Zug, der den Vorteil von Schwarz mehr als halbiert, Komodo +0,50, nötig war T8d4} 34. Be6 $2 {ebenfalls ganz schwach, danach ist Schwarz wieder klar im Vorteil, Komodo -1,20, nötig war Td2} Rd3 35. Bd2 Bd8 36. Ba2 Rd7 37. Be6 Rb7 38. Bc8 $4 {ein grottenschlechter Zug, danach ist die Partie praktisch schon verloren, Komodo -1,60 mit der Fortsetzung Ta7, nötig war Kg2 mit ca. -1,00} Ra7 $1 39. Be6 $2 {verschlimmert nochmals die Lage für Weiss, deutlich besser ist noch Td1, Komodo -2,20} Be7 40. h4 h5 41. Kg2 Bb7 42. Kf3 $4 {ein Verlustzug, danach ist die Partie praktisch verloren, Komodo -3,50 mit der Fortsetzung La6, mehr Widerstand leistet noch Lg5 mit ca. -2,30} Ba6 $1 43. Be3 Bf8 44. Bg5 Rd4 45. Kg2 Bd3 46. Be3 Be4+ 47. Kh2 Rd3 48. Re2 Bf3 49. Ree1 Rb7 50. Rc2 Be7 51. Bc4 Rdd7 52. Be6 Rd8 53. Bc1 e4 54. Rf1 Bd1 {Komodo +4,00} 55. Bc8 $2 {es ist schon egal, dennoch ist auch das nochmals ein Katastrophenzug, der ganze 4 Bauerneinheiten einbüsst, Komodo -8,00, mehr Widerstand leistet noch Tg2, aber wahrscheinlich will der R40 den schnellen Freitod lieber als das langsame Leid -:)} Rb8 56. Rd2 Rxd2+ 57. Bxd2 Bf3 58. Ba6 Rxb2 59. Rf2 Rb1 60. Rf1 Rxf1 61. Bxf1 Bxc5 {Rest geschenkt} 0-1

[Event "Turnier 40 / 120"]
[Site "Wien"]
[Date "2023.??.??"]
[Round "8"]
[White "ChessGenius Exclusive 300 MHz"]
[Black "Tasc R40 V2.50 Phoenix"]
[Result "0-1"]
[WhiteElo "2405"]
[BlackElo "2401"]
[Annotator "Christian"]
[PlyCount "32"]
[EventDate "2023.??.??"]

{[%evp 0,32,23,-12,30,26,26,48,27,8,6,-5,-5,-7,35,-1,10,16,-9,-49,-49,-47,-57,-50,-56,-28,-28,-102,-262,-320,-312,-394,-311,-561,-707]} 1. c4 c6 {Runde 8 : Damengambit Slawisch, Geller Gambit / Diese Eröffnung gab es NICHT gegen den Tasc R30 V 2.5. MCGE verliert diese Partie aber bereits mit dem spielentscheidenden Fehler 9. fxg7 ??, trotzdem muss man ihm eigentlich dafür danken, denn man kommt hier zu einem zumindest von mir noch nie gesehenen Kuriosum, nach nur 9 Zügen sind 4 Damen auf dem Brett. Beide Geräte benötigen eine Weile, um die Lage richtig einzuschätzen, aber nach dem 9. Zug ist der weitere Verlauf vorprogrammiert, das ist dann kein Problem mehr für den Tasc R40, eine Katastrophenpartie von MCGE 300 MHZ !!! Tasc R40 kommt wieder heran. Stand: 4,5 : 3,5 für MCGE 300 MHZ (56,25 %)} 2. Nf3 d5 3. d4 Nf6 4. Nc3 dxc4 5. e4 b5 {Buchende} 6. Be2 {Buchende} b4 {Buchbewertung Tasc R40 V 2.5: -0,43} 7. e5 {Buchbewertung MCGE: -0,12 / gleich der 1. berechnete Zug ist nicht ideal deutlich vorzuziehen war Sa4 mit leichtem Vorteil für Weiss mit ca. +0,30, nach dem Textzug steht Schwarz etwas besser lt. Komodo mit ca. +0,50 (der Textzug büsst also ca. 0,8 Bauerneinheiten ein)} bxc3 8. exf6 cxb2 9. fxg7 $2 {ein Verlustzug, danach ist die Partie praktisch schon verloren, nötig war Lxb2 mit ca. -0,50 aus der Sicht von Weiss, Komodo -2,00 !! mit der Fortsetzung bxa1D} ({Leptir 130223-avx2:} 9. Bxb2 exf6 10. O-O Be6 11. Qa4 Be7 12. Bxc4 Bxc4 13. Qxc4 O-O 14. Rfc1 Re8 15. Bc3 Qc7 16. Bd2 Rc8 17. a4 Nd7 18. a5 Rab8 19. g3 Bd6 20. Rab1 Nf8 21. Rxb8 Qxb8 22. Qa6 c5 23. Kg2 Ne6 {[%eval -29,28]}) 9... bxa1=Q $1 {Tasc R40 macht den richtigen Zug, erkennt aber noch keinen Vorteil, Bewertung sogar leicht negativ: -0,30} 10. gxh8=Q Qa5+ $1 11. Kf1 {auch MCGE sieht es ausgeglichen: +0,03 / in Wahrheit ist die Stellung bereits klar verloren für Weiss, Komodo -2,30} Q5c3 $1 {alles richtig beim Tasc R40, sieht aber immer noch keinen Vorteil: -0,17} 12. Bh6 {MCGE: -0,12} Nd7 {Tasc R40: +0,33} 13. Qxh7 $2 {MCGE: -0,62, ein Katastrophenzug, der alle Hoffnung von Weiss begräbt, danach ist alles aus, Komodo -5,00, mehr Widerstand leistet noch g3 mit ca. -2,30} Bxh6 {Tast R40: +0,49} 14. Qxh6 {MCGE: -0,68 / Komodo -5,00, den Rest braucht man nicht mehr zu kommentieren, das spielt sich praktisch von selbst, nur falls sich noch etwas gravierendes daran ändert werde ich das noch kommentieren, sonst beende ich hier die Kommentare, macht keinen Sinn mehr an dieser Stelle} Rb8 15. Qxc6 Kd8 16. Ng5 Qxd4 {Rest geschenkt / eine Katastrophenpartie von MCGE 300 MHZ !!!} 0-1